Pasaporte francés firmado el 23 de abril de 1843. (Record no. 4698)

MARC details
000 -CABECERA
campo de control de longitud fija 01237nam a2200277 a 4500
001 - NÚMERO DE CONTROL
campo de control BRCA_5004
005 - FECHA Y HORA DE LA ÚLTIMA TRANSACCIÓN
campo de control 20190320204911.0
008 - DATOS DE LONGITUD FIJA--INFORMACIÓN GENERAL
campo de control de longitud fija 291010s1843----fr-#######---#000-0#fre-#
041 ## - CÓDIGO DE LENGUA
Código de lengua del texto/banda sonora o título independiente fre
044 ## - CÓDIGO DEL PAÍS DE LA ENTIDAD EDITORA/PRODUCTORA
Código MARC del país fr
084 ## - OTRO NÚMERO DE CLASIFICACIÓN
Número de clasificación DOC44
Número de documento/Ítem .P37
-- 1843
245 10 - MENCIÓN DE TÍTULO
Título Pasaporte francés firmado el 23 de abril de 1843.
260 ## - PUBLICACIÓN, DISTRIBUCIÓN, ETC.
Lugar de publicación, distribución, etc. Burdeos
Fecha de publicación, distribución, etc. 1843
300 ## - DESCRIPCIÓN FÍSICA
Extensión [2] fojas
Dimensiones 41 x 31 cm. pleg. a 22 x 16 cm.
500 ## - NOTA GENERAL
Nota general Pasaporte francés impreso, presentado en el Consulado Mexicano para permitir el paso de la embarcación francesa ´Jenny´ en costas Veracruzanas.
500 ## - NOTA GENERAL
Nota general Contiene sellos de la policía general francesa al anverso y sellos del consulado mexicano al reverso.
500 ## - NOTA GENERAL
Nota general El documento contiene la leyenda DOC. #53.
500 ## - NOTA GENERAL
Nota general Papel con marca de agua.
500 ## - NOTA GENERAL
Nota general Estado de conservación: contiene manchas de acidez en gran parte del documento y los márgenes se encuentran deteriorados.
506 0# - NOTA DE RESTRICCIONES AL ACCESO
Limitaciones de acceso Fondo Reservado. Para su consulta es necesario credencial de usuario y carta de motivos.
546 ## - NOTA DE LENGUA/LENGUAJE
Nota de lengua/lenguaje Texto en: francés.
650 14 - PUNTO DE ACCESO ADICIONAL DE MATERIA--TÉRMINO DE MATERIA
Término de materia o nombre geográfico como elemento de entrada Relaciones internacionales
Subdivisión de forma Pasaportes
Subdivisión general Historia
Subdivisión cronológica 1848-1870
Subdivisión geográfica Francia
9 (RLIN) 12762
651 #4 - PUNTO DE ACCESO ADICIONAL DE MATERIA--NOMBRE GEOGRÁFICO
Nombre geográfico México
Subdivisión general Historia
Subdivisión cronológica 1821-1861
9 (RLIN) 618
902 ## - CATALOGADOR
Iniciales FDH
942 ## - ELEMENTOS DE PUNTO DE ACCESO ADICIONAL (KOHA)
Fuente del sistema de clasificación o colocación Library of Congress Classification
Tipo de ítem Koha Documentos
Holdings
Estado de retiro Estado de pérdida Estado dañado No para préstamo Localización permanente Ubicación/localización actual Fecha de adquisición Total de préstamos Signatura topográfica completa Código de barras Fecha visto por última vez Precio válido a partir de Tipo de ítem Koha
El ejemplar forma parte de la colección y puede ser consultado según las políticas vigentes.       Biblioteca del Museo Franz Mayer (Rogerio Casas-Alatriste) Biblioteca del Museo Franz Mayer (Rogerio Casas-Alatriste) 29/10/2010   DOC44 .P37 1843 5088 22/03/2019 22/03/2019 Documentos